Lock in Those Lyrics: You Are My Sunshine - Statistics

General Stats
  • This quiz has been taken 85 times
  • The average score is 28 of 30
Answer Stats
You Are My Sunshine % Correct
my
100%
my
100%
my
100%
sunshine,
100%
sunshine.
100%
sunshine
100%
You
100%
You
100%
you.
100%
are
99%
are
99%
make
97%
only
97%
happy
96%
me
96%
when
95%
I
94%
away.
92%
grey.
92%
love
92%
skies
92%
take
92%
how
91%
much
91%
don't
90%
know
90%
Please
88%
never
83%
dear
82%
You'll
82%
No matching quizzes found
Score Distribution
Percent of People with Each Score
Percentile by Number Answered
Your Score History
You have not taken this quiz